[Event "DEM U10w 2020"]
[Site "Willingen GER"]
[Date "2020.10.28"]
[Round "2"]
[White "John, Linnea"]
[Black "Yan, Jenny"]
[Result "1/2-1/2"]
[Termination "normal"]
[Board "8"]
[WhiteElo "1146"]
[BlackElo "952"]
[WhiteClock "00:18:50"]
[BlackClock "00:45:31"]
[PlyCount "78"]
[WhiteFideId "34623680"]
[BlackFideId "34630376"]
[EventCountry "GER"]
[EventRounds "7"]
[EventType "swiss"]
[EventDate "2020.10.26"]

1. e4 {[%clk 1:15:58]} e5 {[%clk 1:15:46]} 2. Nf3 {[%clk 1:16:23]} Nc6 {[%clk
1:15:57]} 3. d4 {[%clk 1:16:40]} exd4 {[%clk 1:15:55]} 4. Nxd4 {[%clk 1:16:59]}
Nf6 {[%clk 1:15:34]} 5. Nxc6 {[%clk 1:17:07]} bxc6 {[%clk 1:14:57]} 6. Bd3
{[%clk 1:16:54]} d5 {[%clk 1:14:12]} 7. exd5 {[%clk 1:16:13]} cxd5 {[%clk
1:13:52]} 8. O-O {[%clk 1:16:06]} Bc5 {[%clk 1:13:14]} 9. Re1+ {[%clk 1:16:02]}
Be6 {[%clk 1:12:38]} 10. Bb5+ {[%clk 1:14:41]} Nd7 {[%clk 1:12:02]} 11. Qxd5
{[%clk 1:09:50]} O-O {[%clk 1:09:46]} 12. Qf3 {[%clk 0:59:33]} Rb8 {[%clk
1:06:06]} 13. Nc3 {[%clk 0:58:07]} Bd4 {[%clk 1:03:33]} 14. Bxd7 {[%clk
0:55:35]} Qxd7 {[%clk 1:03:31]} 15. Rd1 {[%clk 0:55:25]} c5 {[%clk 0:59:35]}
16. Ne2 {[%clk 0:52:37]} Bg4 {[%clk 0:57:46]} 17. Qd3 {[%clk 0:44:49]} Rbd8
{[%clk 0:52:58]} 18. Bg5 {[%clk 0:40:29]} f6 {[%clk 0:51:40]} 19. Bf4 {[%clk
0:34:44]} Rfe8 {[%clk 0:49:31]} 20. c3 {[%clk 0:31:51]} Bxf2+ {[%clk 0:49:31]}
21. Kxf2 {[%clk 0:31:18]} Qxd3 {[%clk 0:49:47]} 22. Rxd3 {[%clk 0:31:30]} Rxd3
{[%clk 0:50:06]} 23. Ng3 {[%clk 0:30:25]} g5 {[%clk 0:49:25]} 24. Bb8 {[%clk
0:28:01]} Rd2+ 25. Kf1 {[%clk 0:27:23]} Rxb8 {[%clk 0:48:34]} 26. Ne4 {[%clk
0:24:57]} Rbxb2 {[%clk 0:47:51]} 27. Nxd2 {[%clk 0:24:18]} Rxd2 {[%clk
0:48:05]} 28. a3 {[%clk 0:24:30]} Bf5 {[%clk 0:46:43]} 29. Rc1 {[%clk 0:23:33]}
Bd3+ {[%clk 0:46:42]} 30. Kg1 {[%clk 0:22:58]} Re2 {[%clk 0:46:50]} 31. Rd1
{[%clk 0:22:31]} Be4 {[%clk 0:46:36]} 32. g3 {[%clk 0:22:01]} Rg2+ {[%clk
0:46:16]} 33. Kf1 {[%clk 0:21:48]} Rxh2 {[%clk 0:46:57]} 34. Rd7 {[%clk
0:20:21]} Bg2+ {[%clk 0:46:56]} 35. Kg1 {[%clk 0:19:55]} Rh1+ {[%clk 0:46:03]}
36. Kxg2 {[%clk 0:19:51]} Rc1 {[%clk 0:46:12]} 37. Rxa7 {[%clk 0:19:00]} Rxc3
{[%clk 0:46:21]} 38. a4 {[%clk 0:18:55]} Rc2+ {[%clk 0:46:05]} 39. Kf3 {[%clk
0:18:50]} Rc4 {[%clk 0:45:31]} 1/2-1/2

[Event "DEM U10w 2020"]
[Site "Willingen GER"]
[Date "2020.10.28"]
[Round "2"]
[White "Mo, Keyou"]
[Black "Halas, Neele Zoe"]
[Result "0-1"]
[Termination "normal"]
[Board "13"]
[WhiteElo "950"]
[BlackElo "1295"]
[WhiteClock "00:19:19"]
[BlackClock "00:44:11"]
[PlyCount "104"]
[WhiteFideId "34623582"]
[BlackFideId "16287282"]
[EventCountry "GER"]
[EventRounds "7"]
[EventType "swiss"]
[EventDate "2020.10.26"]

1. e4 {[%clk 1:15:57]} e5 {[%clk 1:15:55]} 2. Nf3 {[%clk 1:16:24]} Nc6 {[%clk
1:16:22]} 3. Bc4 {[%clk 1:16:48]} Bc5 {[%clk 1:16:43]} 4. O-O {[%clk 1:17:09]}
Nf6 {[%clk 1:16:53]} 5. d3 {[%clk 1:17:24]} d6 {[%clk 1:17:15]} 6. Bg5 {[%clk
1:17:11]} h6 {[%clk 1:17:28]} 7. Bh4 {[%clk 1:17:20]} g5 {[%clk 1:15:54]} 8.
Bg3 {[%clk 1:17:29]} Bg4 {[%clk 1:15:55]} 9. h3 {[%clk 1:17:48]} Be6 {[%clk
1:13:49]} 10. Bb3 {[%clk 1:15:15]} Qd7 {[%clk 1:11:50]} 11. Bxe6 {[%clk
1:12:46]} fxe6 {[%clk 1:10:49]} 12. Nc3 {[%clk 1:08:55]} O-O-O {[%clk 1:08:59]}
13. Qd2 {[%clk 1:05:38]} Nh5 {[%clk 1:02:34]} 14. Bh2 {[%clk 1:00:06]} Nf4
{[%clk 1:01:43]} 15. Bxf4 {[%clk 0:57:37]} exf4 {[%clk 1:02:00]} 16. d4 {[%clk
0:56:16]} Bb6 {[%clk 1:01:58]} 17. d5 {[%clk 0:53:58]} Ne7 {[%clk 0:58:04]} 18.
Nd4 {[%clk 0:49:07]} Bxd4 {[%clk 0:53:30]} 19. Qxd4 {[%clk 0:48:03]} e5 {[%clk
0:53:53]} 20. Qxa7 {[%clk 0:47:29]} c6 {[%clk 0:50:31]} 21. Na4 {[%clk
0:43:48]} Qe8 {[%clk 0:42:55]} 22. Rab1 {[%clk 0:36:49]} cxd5 {[%clk 0:41:45]}
23. Nb6+ {[%clk 0:32:41]} Kc7 {[%clk 0:40:29]} 24. exd5 {[%clk 0:31:50]} Qb5
{[%clk 0:40:09]} 25. c4 {[%clk 0:17:10]} Qxb6 {[%clk 0:40:15]} 26. Qxb6+ {[%clk
0:17:22]} Kxb6 {[%clk 0:40:19]} 27. b3 {[%clk 0:17:24]} Nf5 {[%clk 0:40:30]}
28. a4 {[%clk 0:17:03]} Ra8 {[%clk 0:40:20]} 29. Ra1 {[%clk 0:16:19]} Kc5
{[%clk 0:40:34]} 30. a5 {[%clk 0:16:00]} Kb4 {[%clk 0:40:52]} 31. Rfb1 {[%clk
0:15:25]} Rxa5 {[%clk 0:40:52]} 32. Rxa5 {[%clk 0:15:41]} Kxa5 33. b4+ {[%clk
0:16:06]} Kb6 {[%clk 0:40:52]} 34. f3 {[%clk 0:16:26]} Rc8 {[%clk 0:41:08]} 35.
g4 {[%clk 0:16:42]} Nd4 {[%clk 0:41:10]} 36. Rc1 {[%clk 0:16:27]} Ne2+ {[%clk
0:41:37]} 37. Kf2 {[%clk 0:16:35]} Nxc1 {[%clk 0:42:00]} 38. Ke1 {[%clk
0:15:43]} Rxc4 {[%clk 0:42:13]} 39. Kd2 {[%clk 0:16:04]} Kb5 40. Kd1 Rc3 {[%clk
0:42:32]} 41. Kd2 {[%clk 0:16:27]} Kxb4 {[%clk 0:42:50]} 42. Ke1 {[%clk
0:16:43]} Rc2 {[%clk 0:42:48]} 43. Kd1 {[%clk 0:17:05]} Kb3 {[%clk 0:42:58]}
44. Ke1 {[%clk 0:17:25]} Nd3+ {[%clk 0:43:17]} 45. Kd1 {[%clk 0:17:44]} Nf2+
46. Ke1 Kc3 {[%clk 0:43:18]} 47. Kf1 {[%clk 0:17:58]} Kd3 {[%clk 0:43:39]} 48.
Ke1 {[%clk 0:18:20]} Ke3 {[%clk 0:43:51]} 49. Kf1 {[%clk 0:18:38]} Nd3 {[%clk
0:43:56]} 50. Kg1 {[%clk 0:18:54]} Kxf3 {[%clk 0:43:39]} 51. Kh1 {[%clk
0:19:09]} Kg3 {[%clk 0:43:57]} 52. Kg1 {[%clk 0:19:19]} Rc1# {[%clk 0:44:11]}
0-1

[Event "DEM U10w 2020"]
[Site "Willingen GER"]
[Date "2020.10.28"]
[Round "2"]
[White "Becker, Hanna Charlotte"]
[Black "Mehner, Clara"]
[Result "0-1"]
[Termination "normal"]
[Board "14"]
[WhiteElo "853"]
[BlackElo "1244"]
[WhiteClock "01:00:02"]
[BlackClock "00:12:04"]
[PlyCount "104"]
[WhiteFideId "34653538"]
[BlackFideId "34612165"]
[EventCountry "GER"]
[EventRounds "7"]
[EventType "swiss"]
[EventDate "2020.10.26"]

1. d4 {[%clk 1:15:57]} d5 {[%clk 1:15:43]} 2. c4 {[%clk 1:16:20]} Nf6 {[%clk
1:15:39]} 3. cxd5 {[%clk 1:16:27]} Nxd5 {[%clk 1:15:32]} 4. e4 {[%clk 1:16:38]}
Nb6 {[%clk 1:14:56]} 5. Nf3 {[%clk 1:16:21]} e6 {[%clk 1:13:11]} 6. Bb5+ {[%clk
1:14:37]} Bd7 {[%clk 1:12:25]} 7. Nc3 {[%clk 1:13:23]} Bxb5 {[%clk 1:09:37]} 8.
Nxb5 {[%clk 1:12:00]} c5 {[%clk 1:07:47]} 9. Bf4 {[%clk 1:12:09]} Nc6 {[%clk
1:01:04]} 10. Nc7+ {[%clk 1:11:17]} Ke7 {[%clk 0:50:04]} 11. Nxa8 {[%clk
1:08:36]} Nxa8 {[%clk 0:46:51]} 12. Be3 {[%clk 1:07:50]} c4 {[%clk 0:37:25]}
13. Bg5+ {[%clk 1:07:31]} f6 {[%clk 0:36:46]} 14. Bf4 {[%clk 1:05:58]} Kf7
{[%clk 0:30:23]} 15. O-O {[%clk 1:05:54]} g5 {[%clk 0:28:17]} 16. Bg3 {[%clk
1:04:45]} h5 {[%clk 0:24:39]} 17. h3 {[%clk 1:04:37]} Ne7 {[%clk 0:17:58]} 18.
e5 {[%clk 1:03:55]} Ng6 {[%clk 0:14:15]} 19. h4 g4 20. Ne1 {[%clk 1:01:11]} f5
{[%clk 0:13:14]} 21. Rc1 {[%clk 1:00:19]} f4 {[%clk 0:12:37]} 22. Bh2 {[%clk
1:00:23]} b5 {[%clk 0:12:37]} 23. a4 {[%clk 1:00:18]} a6 {[%clk 0:12:10]} 24.
b3 {[%clk 0:59:16]} Qxh4 {[%clk 0:09:34]} 25. axb5 {[%clk 0:59:04]} axb5 {[%clk
0:09:02]} 26. bxc4 {[%clk 0:59:19]} bxc4 {[%clk 0:09:05]} 27. Rxc4 {[%clk
0:59:40]} Be7 {[%clk 0:08:47]} 28. Qa4 {[%clk 0:56:23]} Nb6 {[%clk 0:08:10]}
29. Qa6 {[%clk 0:52:46]} Nxc4 {[%clk 0:08:37]} 30. Qxc4 {[%clk 0:53:09]} g3
{[%clk 0:08:48]} 31. fxg3 {[%clk 0:52:58]} Qg4 {[%clk 0:08:39]} 32. gxf4 {[%clk
0:52:28]} Kg7 {[%clk 0:08:19]} 33. Nd3 {[%clk 0:51:33]} Nh4 {[%clk 0:07:10]}
34. Rf2 {[%clk 0:50:41]} Rg8 {[%clk 0:06:05]} 35. g3 {[%clk 0:50:56]} Qd1+
{[%clk 0:05:08]} 36. Rf1 {[%clk 0:50:36]} Nf3+ {[%clk 0:04:32]} 37. Kg2 {[%clk
0:49:55]} Qe2+ {[%clk 0:04:04]} 38. Rf2 {[%clk 0:49:41]} Ne1+ {[%clk 0:03:19]}
39. Kh1 {[%clk 0:48:52]} Qe4+ {[%clk 0:02:47]} 40. Nxe1 {[%clk 0:48:41]} Qxe1+
{[%clk 0:02:56]} 41. Rf1 {[%clk 0:49:03]} Qe4+ {[%clk 0:02:53]} 42. Kg1 {[%clk
0:49:09]} Rb8 {[%clk 0:03:02]} 43. Qc3 {[%clk 0:48:35]} Bb4 {[%clk 0:02:18]}
44. Qa1 {[%clk 0:48:22]} Qe3+ {[%clk 0:01:25]} 45. Kh1 {[%clk 0:47:59]} Kg6
{[%clk 0:01:05]} 46. Qb1+ {[%clk 0:47:33]} Kh6 {[%clk 0:00:56]} 47. Kg2 Qxd4
48. Qd1 {[%clk 0:45:07]} Qe3 {[%clk 0:00:34]} 49. Bg1 {[%clk 0:44:58]} Qe4+
{[%clk 0:00:33]} 50. Kh3 {[%clk 0:45:06]} Rg8 {[%clk 0:14:16]} 51. g4 {[%clk
0:59:57]} Rxg4 {[%clk 0:12:04]} 52. Bh2 {[%clk 1:00:02]} Qg2# 0-1